Ballon D'Or Top 10 - 2010s - Statistics

General Stats
  • This quiz has been taken 3,318 times
  • The average score is 34 of 47
Answer Stats
Player % Correct
Cristiano Ronaldo
100%
Lionel Messi
100%
Luka Modric
94%
Neymar
94%
Mohamed Salah
93%
Robert Lewandowski
93%
Kylian Mbappe
92%
Luis Suarez
92%
Zlatan Ibrahimovic
89%
Andres Iniesta
86%
Harry Kane
86%
Xavi
86%
Sadio Mane
85%
Virgil Van Dijk
85%
Kevin De Bruyne
84%
Antoine Griezmann
80%
Didier Drogba
79%
Manuel Neuer
79%
Riyad Mahrez
77%
James Rodriguez
76%
Eden Hazard
75%
Thomas Muller
74%
Arjen Robben
73%
Alexis Sanchez
69%
Samuel Eto'o
69%
Wayne Rooney
68%
Gareth Bale
67%
Franck Ribery
66%
Gianluigi Buffon
66%
Philipp Lahm
66%
Diego Forlan
65%
Robin Van Persie
64%
Sergio Ramos
64%
Bernardo Silva
62%
David Villa
62%
Toni Kroos
62%
N'Golo Kante
58%
Angel Di Maria
56%
Iker Casillas
56%
Radamel Falcao
56%
Wesley Sneijder
56%
Andrea Pirlo
48%
Pepe
46%
Alisson
45%
Raphael Varane
44%
Xabi Alonso
40%
Jamie Vardy
37%
No matching quizzes found
Score Distribution
Percent of People with Each Score
Percentile by Number Answered
Your Score History
You have not taken this quiz